Foreign policy and the free society /

Saved in:
Bibliografiske detaljer
Hovedforfatter: Millis, Walter, 1899-1968
Andre forfattere: Murray, John Courtney
Format: Bog
Sprog:English
Udgivet: N.Y. : Oceana Pubs., 1958.
Fag:
LEADER 00960nam a22002291 4500
001 c000366493
003 CARM
005 00000000000000.0
008 851211s1958 nyu 0 eng d
019 1 |a 4167029  |5 LACONCORD2021 
035 |a (OCoLC)219756257  |5 LACONCORD2021 
100 1 |a Millis, Walter,  |d 1899-1968. 
245 1 0 |a Foreign policy and the free society /  |c by W.Milis and J.C.Murray. The discussants: A.A.Berle and others. Pub. for the Fund for the Republic. 
260 |a N.Y. :  |b Oceana Pubs.,  |c 1958. 
650 0 |a World politics. 
651 0 |a United States  |x Foreign relations  |z Soviet Union. 
651 0 |a Soviet Union  |x Foreign relations  |z United States. 
700 1 |a Murray, John Courtney. 
852 8 |b CARM  |h A1:AO13F0  |i B08143  |p 0359994  |f BK 
082 0 4 |a 327.73 
999 f f |i cb0ff679-4041-5ce3-82eb-b8cbbb574f22  |s cb60e14a-d985-5cba-8aba-b2b2648c13ce 
952 f f |p Can circulate  |a CAVAL  |b CAVAL  |c CAVAL  |d CARM 1 Store  |e B08143  |f A1:AO13F0  |h Other scheme  |i book  |m 0359994